000 nam a22 7a 4500
999 _c30269
_d30269
008 190509b xxu||||| |||| 00| 0 eng d
020 _a9781530459384
050 _aHC 865 .C67
100 _aCora, Dylan Michael.
245 _aEconomic Growth and poverty Reduction /
_cDr. Michael Dylan Cora and Dr. Alan Castle.
300 _a139p. :
_bill. ;
_c23cm.
504 _ainclude references.
650 _a Poverty.
650 _a Economic assistance.
700 _aCastle, Alan.
942 _2ddc
_cBOOKS
_hHC 865 .C67